000 00487nam a2200181 i 4500
001 bg
100 1 _aMISIUREWICZ, Piotr
245 0 _aPodstawy techniki cyfrowej /
_cP. Misiurewicz.
250 _aWyd.2 zm.
260 _aWarszawa :
_bWydawnictwa Naukowo-Techniczne,
_c1985.
650 9 _aUkłady cyfrowe
655 _aPodręczniki akademickie
040 _cBPK
041 _apol
080 _a004.31:621.3.049.77](075.8)
942 _cKS
008 s pl f |000 0 pol
999 _c1276
_d1276
856 _uhttp://koha.tu.koszalin.pl/cgi-bin/koha/opac-detail.pl?biblionumber=1276
_yKatalog online BPK